Geographical Locations starting with C - Statistics

General Stats
  • This quiz has been taken 118 times
    93 since last reset
  • The average score is 19 of 24
Answer Stats
Hint Answer % Correct
A city in England famous for its university Cambridge
98%
The capital of Egypt Cairo
96%
The capital city of Wales Cardiff
96%
The capital city of Denmark Copenhagen
96%
Former name of Kolkata Calcutta
95%
Popular film festival town in the south-east of France Cannes
95%
The legislative capital of South Africa Cape Town
91%
A landlocked sea between Asia and European Russia, and the world"s largest inland body of water {Caspian} Sea
91%
Country between Europe and the Middle East, in the Mediterranean Sea Cyprus
91%
U.S. state with Denver as its capital Colorado
90%
Old name for Istanbul Constantinople
89%
Country in Central America Costa Rica
89%
An island in the Mediterranean to the north of Sardinia; it is part of France Corsica
85%
An archipelago off the coast of north-west Morocco, belonging to Spain {Canary} Islands
81%
A cape in southwestern South Africa, near Cape Town Cape of {Good} {Hope}
76%
A mountain range in West Asia, between the Black Sea and the Caspian Sea Caucasus
75%
The old name for Sri Lanka, prior to 1972 Ceylon
74%
An ancient city in North Africa, in modern Tunisia Carthage
74%
An autonomous republic within Ukraine Crimea
64%
A valley, especially a long, narrow, steep valley, cut in rock by a river Canyon
61%
The capital of Guinea Conakry
60%
A Spanish enclave at the edge of Morocco Ceuta
48%
An ancient city in Kent, England Canterbury
41%
An island in the Bay of Naples; part of Campania Capri
41%
No matching quizzes found
Score Distribution
Percent of People with Each Score
Percentile by Number Answered
Your Score History
You have not taken this quiz since the last reset